000 01246cam a2200205 4500500
005 20260201143020.0
041 _afre
042 _adc
100 1 0 _aPendanx, Daniel
_eauthor
245 0 0 _aRéflexions sur la fonction symbolique du juge des enfants
260 _c2015.
500 _a56
520 _aSi les juges des enfants ont un rôle clef dans la protection de l’enfance, celui-ci tient d’abord à leur capacité à faire jouer en droit le principe d’indisponibilité des places, l’ écart structurel entre les fonctions. Les effets cliniques de leur intervention tiennent donc bien davantage au rituel judiciaire, à la façon dont jugements et ordonnances font (ou non) jouer la limite, l’espace de séparation entre les figures et les scènes, et à la triangulation (l’espace tiers) qui en procède pour l’enfant, qu’à quelque « colloque singulier du juge avec l’enfant ».
690 _afonction symbolique du juge
690 _ainstituer le sujet
690 _al’autre scène
690 _ale droit et la représentation fondatrice
786 0 _nEmpan | 99 | 3 | 2015-08-28 | p. 110-118 | 1152-3336
856 4 1 _uhttps://shs.cairn.info/revue-empan-2015-3-page-110?lang=fr&redirect-ssocas=7080
999 _c1642844
_d1642844